000 01612nam a2200397 c 4500
003 BLK
005 20250716090551.0
008 180411b bul|||||r ||||||| ||bul||
010 _aKNG00178422000
020 _a978-954-625-861-8
_bиздат.: Фют
040 _aBLK
041 _aBUL
_cBUL
072 7 _2bullib
_aН85
_xДетска художествена литература Н
080 _aАнглийска литература
_b821.111
_x-93-34
_z821.111-93-34
100 1 _aБакстър, Никола
_eпърви автор
_9378224
700 _aКинг, Колин
_9374358
700 _aМитренцева, Екатерина Христева
_9270859
139 _aБакстър, Никола
_bБ 16
245 1 0 _aПиратите
_bНеобикновени приключения с ужасни чудовища
_cНикола Бакстър; ил. Колин Кинг; прев. Екатерина Христева Митренцева.
257 _aGBR
260 София
_bФют
_c2014
300 _a80 с.
_bс цв. ил.
_c28 см
380 _aDX
490 1 _aНай-смешните приказки
500 _aОриг. загл. Amazing Pirates / Nicola Baxter.
653 _aприказки
653 _aлитература за деца
653 _aдетска литература
659 _aН
852 _aЦб ІІ 20699
856 4 _qpdf
_u
856 4 _qpdf
_u
942 _cKNG
_n0
_013
944 _aCR
_c17.07.2015
_lРусанова Ирена
_k30542
944 _aED
_c26.02.2016
_lф /
_kЛюдмила_Стоянова
999 _c170291
_d170291